Statistics for Top Countries Sending & Receiving Remittance

Click here to take the quiz!

General Stats

  • This quiz has been taken 21 times
  • The average score is 15 of 19

Answer Stats

Answer% Correct
United States
100%
China
95%
Mexico
95%
India
90%
Russia
90%
United Arab Emirates
90%
France
86%
France
86%
Germany
86%
Germany
86%
Saudi Arabia
86%
Pakistan
81%
Philippines
81%
Bangladesh
76%
Egypt
76%
Kuwait
76%
Nigeria
62%
Switzerland
29%
Luxembourg
0%

Score Distribution

Percentile by Number Answered

Percent of People with Each Score

Your Score History

You have not taken this quiz